000 01104nam a2200229Ia 4500
001 16074
003 GE_BSU
008 181216s||||||||xx |||||||||||||| ||und||
040 _cGE_BSU
080 _a821.353.1-32
100 _aჭილაძე, თამაზ
245 _aმოთხრობები.
245 _bგასეირნება პონის ეტლით; შუადღე; ვინ ცხოვრობს ვარსკვლავებზე; პირველი დღე; თეთრი კვამლი
245 _cრედ.ნ.კანდელაკი.მხ.ზ.ფორჩხიძე
260 _aთბილისი
260 _bსაბჭ. საქართველო
260 _c1972
300 _a439გვ. ; 21სმ
653 _aგასეირნება პონის ეტლით; შუადღე; ვინ ცხოვრობს ვარსკვლავებზე; პირველი დღე; თეთრი კვამლი
653 _aმოთხრობები.
942 _cBK
999 _c49163
_d49163